<?xml version="1.0" encoding="UTF-8"?>
<marc:record xmlns:marc="http://www.loc.gov/MARC21/slim">
   <marc:leader>00000nam a2200000 a 4500</marc:leader>
   <marc:datafield ind1="1" ind2=" " tag="100">
      <marc:subfield code="a">Schirach, Ferdinand von</marc:subfield>
      <marc:subfield code="4">aut</marc:subfield>
      <marc:subfield code="e">Verfasser/-in</marc:subfield>
   </marc:datafield>
   <marc:datafield ind1=" " ind2=" " tag="653">
      <marc:subfield code="a">Anthologie</marc:subfield>
   </marc:datafield>
   <marc:datafield ind1=" " ind2=" " tag="653">
      <marc:subfield code="a">Erzählende Literatur</marc:subfield>
   </marc:datafield>
   <marc:datafield ind1=" " ind2=" " tag="653">
      <marc:subfield code="a">Erzählung</marc:subfield>
   </marc:datafield>
   <marc:datafield ind1=" " ind2=" " tag="653">
      <marc:subfield code="a">Schuld</marc:subfield>
   </marc:datafield>
   <marc:datafield ind1=" " ind2=" " tag="653">
      <marc:subfield code="a">Moralische Verantwortung</marc:subfield>
   </marc:datafield>
   <marc:datafield ind1=" " ind2=" " tag="653">
      <marc:subfield code="a">Verbrechen</marc:subfield>
   </marc:datafield>
   <marc:datafield ind1="0" ind2="0" tag="245">
      <marc:subfield code="a">Schuld</marc:subfield>
   </marc:datafield>
   <marc:datafield ind1="0" ind2="0" tag="245">
      <marc:subfield code="b">Stories</marc:subfield>
   </marc:datafield>
   <marc:datafield ind1=" " ind2="1" tag="264">
      <marc:subfield code="b">btb</marc:subfield>
      <marc:subfield code="c">2010</marc:subfield>
   </marc:datafield>
   <marc:datafield ind1="1" ind2=" " tag="520">
      <marc:subfield code="a">Neue Fälle aus der Praxis des Berliner Anwalts und Strafverteidigers. Menschliche Schicksale, die vor Gericht gebracht werden, verdichten sich zu Literatur. Ein Mann bekommt zu Weihnachten statt Gefängnis neue Zähne. Ein Junge wird im Namen der Illuminaten fast zu Tode gefoltert. Die neun Biedermänner einer Blaskapelle zerstören das Leben eines Mädchens und keiner von ihnen muss dafür büßen … Neue Fälle aus der Praxis des Strafverteidigers von Schirach – die der Autor von Schirach in große Literatur verwandelt hat. Mit bohrender Intensität und in seiner unvergleichlichen lyrisch-knappen Sprache stellt er leise, aber bestimmt die Frage nach Gut und Böse, Schuld und Unschuld und nach der moralischen Verantwortung eines jeden Einzelnen von uns. (Verlagstext) 
</marc:subfield>
   </marc:datafield>
   <marc:datafield ind1=" " ind2=" " tag="020">
      <marc:subfield code="a">9783442714971</marc:subfield>
      <marc:subfield code="9">9783442714971</marc:subfield>
   </marc:datafield>
</marc:record>
